000 01274nam a2200337 i 4500
001 12541
003 ES-MaACL
005 20230906150335.0
007 t|
008 910822m1996 sp e ||||0| spa
020 _a84-206-6999-7
080 _a78(084.4)
100 1 _aMichels, Ulrich.
_980932
245 1 0 _aAtlas de música /
_cUlrich Michels ; ilustraciones de Gunther Vogel.
250 _a1ª ed., 8ª reimp. (v.1), 3ª reimp. (v. 2).
260 _aMadrid :
_bAlianza Editorial,
_c1996.
300 _a2 v :
_bil. col. y n ;
_c20 cm.
490 1 _aAlianza atlas ;
_v1, 10
500 _aÍndices.
504 _aReferencias bibliográficas.
505 8 _aContiene: 1. Atlas de música 1 / versión española de León Mames; revisión técnica de Juan José Rey - 2. Atlas de música 2: parte histórica: del Barroco hasta hoy / versión española de Rafael Banús; revisión técnica de Luis Carlos Gago
650 4 _aMúsica-
_vEnciclopedias.
_9154079
700 1 _aVogel, Gunther.
_9115649
700 1 _aMames, León.
_975899
700 1 _aRey, Juan José.
_996503
700 1 _aBanús, Rafael.
_925217
700 1 _aGago, Luis Carlos.
_953230
830 1 _aAlianza atlas ;
_v1, 10
_9179317
852 4 _aES-MaACL
_jL-19923-24
999 _c12541
_d12541